000 00947nam a2200253Ia 4500
003 OSt
005 20220927110345.0
006 a|||||r|||| 00| 0
007 ta
008 220926b |||||||| |||| 00| 0 eng d
024 _a54615
037 _cReports
040 _aRTL
_cRTL
_beng
041 _2eng
_aeng
082 _a"X:9H1.235.N6t, K6"
110 _a"Maharashtra Economic Development Council,. Rural Employment in Maharastra (Study Group on-). (Chariman: S K Muranjan)"
_9376580
245 0 _aReport on rural employment in Maharashtra
260 _aBombay
_bMaharashtra Economic Development Council India
_c1966
300 _a37p. Appendix p 27-37
_ccm.
650 _aLabour Economics
700 _a"Maharashtra Economic Development Council,. Rural Employment in Maharastra (Study Group on-). (Chariman: S K Muranjan)"
_9376581
942 _h"X:9H1.235.N6t, K6"
_cCC
999 _c695768
_d695768